<?xml version="1.0" encoding="UTF-8"?>
<record
    xmlns:xsi="http://www.w3.org/2001/XMLSchema-instance"
    xsi:schemaLocation="http://www.loc.gov/MARC21/slim http://www.loc.gov/standards/marcxml/schema/MARC21slim.xsd"
    xmlns="http://www.loc.gov/MARC21/slim">

  <leader>01162nam a2200253 a 4500</leader>
  <controlfield tag="001">BRCA_7046</controlfield>
  <controlfield tag="005">20190321142920.0</controlfield>
  <controlfield tag="008">011211s2010----sp-a######---#000-0#spa-#</controlfield>
  <datafield tag="020" ind1=" " ind2=" ">
    <subfield code="a">9783795424817</subfield>
  </datafield>
  <datafield tag="041" ind1=" " ind2=" ">
    <subfield code="a">spa</subfield>
  </datafield>
  <datafield tag="044" ind1=" " ind2=" ">
    <subfield code="a">sp</subfield>
  </datafield>
  <datafield tag="050" ind1=" " ind2="4">
    <subfield code="b">.A44 2010</subfield>
  </datafield>
  <datafield tag="245" ind1="1" ind2="0">
    <subfield code="a">Alejandro Magno</subfield>
    <subfield code="b">encuentro con oriente</subfield>
    <subfield code="c">editado por Svend Hansen, Alfried Wieczorek, Michael Tellenbach ; direcci&#xF3;n cient&#xED;fica del proyecto expositivo Nicola Cr&#xFC;semann, Michael Tellenbach ; direcci&#xF3;n cient&#xED;fica por el Departamento de Eurasia del Instituto Arqueol&#xF3;gico Alem&#xE1;n Gunvor Lindstr&#xF6;m; [asesor cient&#xED;fico en Madrid, edici&#xF3;n de la versi&#xF3;n espa&#xF1;ola Mart&#xED;n Almagro-Gorbea].</subfield>
  </datafield>
  <datafield tag="260" ind1=" " ind2=" ">
    <subfield code="a">[Madrid]</subfield>
    <subfield code="b">Canal de Isabel II</subfield>
    <subfield code="c">2010</subfield>
  </datafield>
  <datafield tag="300" ind1=" " ind2=" ">
    <subfield code="a">453 p.</subfield>
    <subfield code="b">il. (algunas a color)</subfield>
    <subfield code="c">30 cm.</subfield>
  </datafield>
  <datafield tag="500" ind1=" " ind2=" ">
    <subfield code="a">Cat&#xE1;logo de la exposici&#xF3;n celebrada en el Centro de Exposiciones Arte Canal</subfield>
  </datafield>
  <datafield tag="504" ind1=" " ind2=" ">
    <subfield code="a">Bibliograf&#xED;a: p. 432-449</subfield>
  </datafield>
  <datafield tag="650" ind1="1" ind2="4">
    <subfield code="a">Alejandro Magno</subfield>
    <subfield code="x">Historia</subfield>
    <subfield code="z">Oriente</subfield>
    <subfield code="9">17509</subfield>
  </datafield>
  <datafield tag="650" ind1="1" ind2="4">
    <subfield code="a">Alejandro Magno</subfield>
    <subfield code="v">Arte</subfield>
    <subfield code="z">Oriente</subfield>
    <subfield code="9">17510</subfield>
  </datafield>
  <datafield tag="700" ind1="1" ind2=" ">
    <subfield code="a">Almagro-Gorbea, Mart&#xED;n</subfield>
    <subfield code="9">17511</subfield>
  </datafield>
  <datafield tag="700" ind1="1" ind2=" ">
    <subfield code="a">Hansen, Svend</subfield>
    <subfield code="9">17512</subfield>
  </datafield>
  <datafield tag="700" ind1="1" ind2=" ">
    <subfield code="a">Wieczorek, Alfried</subfield>
    <subfield code="9">17513</subfield>
  </datafield>
  <datafield tag="942" ind1=" " ind2=" ">
    <subfield code="2">lcc</subfield>
    <subfield code="c">B</subfield>
  </datafield>
  <datafield tag="999" ind1=" " ind2=" ">
    <subfield code="c">6727</subfield>
    <subfield code="d">6727</subfield>
  </datafield>
  <datafield tag="952" ind1=" " ind2=" ">
    <subfield code="0">0</subfield>
    <subfield code="1">0</subfield>
    <subfield code="4">0</subfield>
    <subfield code="7">0</subfield>
    <subfield code="a">BRCA</subfield>
    <subfield code="b">BRCA</subfield>
    <subfield code="d">2011-12-01</subfield>
    <subfield code="l">0</subfield>
    <subfield code="o">.A44 2010</subfield>
    <subfield code="p">02682</subfield>
    <subfield code="r">2019-03-22 00:00:00</subfield>
    <subfield code="w">2019-03-22</subfield>
    <subfield code="y">B</subfield>
  </datafield>
</record>
